000 01134nam a2200241Ia 4500
008 191128s9999 xx 000 0 und d
020 _a9587095234
082 _a658 .409
082 _b L864c
100 _aLopera Gutiérrez, Jaime, prólogo
245 0 _aLa culpa es de la vaca : 2a. parte /
245 0 _cselección y prólogo Jaime Lopera Gutiérrez y Marta Inés Bernal Trujillo
260 _aBogotá
260 _bIntermedio Editores,
260 _c2007
300 _a224 Páginas
300 _c 21 cm
505 _aLos globos negros -- Las cuatro estaciones -- Una lección de diplomacia -- La lección del carbón -- Una preciosa factura -- El puente fraterno -- la guadua del contribuyente -- papi, ¿cuánto ganas por hora? -- el perro fiel
520 _aConvencidos que los valores más genuinamente humanos son el resultado de una reflexión y una práctica constante, los los autores resolvierón hacer una nueva compilación
546 _aspa
650 _aLiderazgo--Anécodtas, chistes, sátiras Dinámica de grupos--Anécdotas, chistes, sátiras--
799 _aBernal Trujillo, Marta Inés, prólogo
999 _c3985
_d3985